Capitali più a Sud - Statistics

Statistiche generali
  • Questo quiz è stato fatto 36 volte
  • Il punteggio medio è 10 su 15
Statistiche sulle risposte
Latitudine Continente Capitale % Corretto
34.60 S America del Sud Buenos Aires
97%
34.88 S America del Sud Montevideo
97%
41.28 S Oceania Wellington
94%
35.30 S Oceania Canberra
91%
33.45 S America del Sud Santiago
91%
33.92 S Africa Città del Capo
79%
25.27 S America del Sud Asuncion
71%
25.73 S Africa Pretoria
62%
26.32 S Africa Mbabane
50%
25.98 S Africa Maputo
47%
24.65 S Africa Gaborone
44%
29.30 S Africa Maseru
44%
29.12 S Africa Bloemfontein
41%
22.57 S Africa Windhoek
38%
26.42 S Africa Lobamba
6%
Nessun quiz corrispondente trovato
Distribuzione punteggi
Percentuale di utenti per punteggio
Percentile per numero di risposta
I tuoi punteggi nel tempo
Non hai fatto questo quiz